Quizzes
Events
Quiz Creation
Community
Videos
Private Events
Remove Ads
Sign In
Join for FREE
Feedback
Dark Mode
Quiz Categories
Sports
Geography
Music
Movies
Television
Just For Fun
Miscellaneous
History
Literature
Language
Science
Gaming
Entertainment
Religion
Holiday
For Kids
Quiz Lab
Recent
Popular Today
Quiz Kudos Today
Editor Picks
Curator Picks
Quizzes by...
Day
Popularity
Type
Ratings
Length
Year
Community
Subscriptions
Recent Discussions
Orange Saloon
Badges
Playlists
Quests
Create
Leaderboards
Showdown
Live 5
Trivia Bingo
Activity
Puzzle Library
Sporcle Events
Private Events
Virtual Trivia
Globe League
Become a Host
Pub Owners
SporcleCon
Opinionation
Our Games
Videos
Blog
Mobile Apps
Partnerships
Remove Ads and Go Orange
Feedback
Sports
Athletes
MLB
NBA
NHL
NFL
Soccer
Sports Teams
WWE
NCAA
Football
Premier League
Basketball
Baseball
Hockey
Golf
Tennis
Cricket
Rugby
Auto Racing
Olympics
World Cup
Sports
Athletes
MLB
NBA
NHL
NFL
Soccer
Sports Teams
WWE
NCAA
Football
Premier League
Basketball
Baseball
Hockey
Golf
Tennis
Cricket
Rugby
Auto Racing
Olympics
World Cup
Random Quiz
Search Sporcle
×
Quiz Lab
Quiz Lab
Sports
Football
Type in answers that appear in a list
Type in answers that appear in a list
Classic
Best Score? Go Orange.
Hall of Famer per Letter by Team Stats
Can you name a Hall of Fame inductee for each letter that played for the team listed?
By
Hejman
7m
24 Questions
886 Plays
886 Plays
886 Plays
Comments
Comments
Give Quiz Kudos
Give Quiz Kudos
-
- Ratings
hide this ad
Replay
Link that replays current quiz
Next Quiz
Link to next quiz in quiz playlist
You Got
0%
They Got
Avg Score
62%
Avg Friend Score
Upgrade to see
Score Distribution
Jump to the score distribution portion of the page
Score
0/24
Timer
07:00
0
Plays Today
Letter-Team
Hall of Famer
% Correct
U -
Balt./
Indy Colts, NFL
Unitas
86.2%
E-
New York Knicks, NBA
Ewing
84%
G -
New York Yankees, MLB
Gehrig, Gomez, Gordon, Gossage
83.1%
R -
Baltimore Orioles, MLB
Ripken, Robinson, Robinson
81.6%
O -
Boston Bruins, NHL
Orr, Oliver
79.7%
W -
Los Angeles Lakers, NBA
Wilkes, Worthy, West
78.4%
I -
Dallas Cowboys, NFL
Irvin
76.4%
D -
Detroit Pistons, NBA
Dumars, Dantley, DeBusschere
75.9%
H -
Boston Celtics, NBA
Havlicek, Howell, Heinsohn, Houbregs
75.5%
Y -
Detroit Red Wings, NHL
Yzerman
75.3%
T -
New York Giants, NFL
Taylor, Tittle, Tarkenton, Tunnell
70.5%
K -
Detroit Tigers, MLB
Kaline, Kell
70.4%
Letter-Team
Hall of Famer
% Correct
S -
St. Louis Cardinals, MLB
Smith, Sutter, Southworth, Slaughter, Schoendienst
68.7%
C -
Philadelphia 76ers, NBA
Chamberlain, Cunningham, Cervi
64.5%
F -
Boston Red Sox, MLB
Fisk, Foxx, Ferrell
62.8%
J -
San Diego Chargers, NFL
Joiner, Jones
60%
A -
Chicago White Sox, MLB
Aparicio, Appling
58.9%
L -
Cleveland Indians, MLB
Lajoie, Lemon, Lopez
51.8%
M -
Atlanta Hawks, NBA
Malone, Maravich, Martin, Macauley
51.1%
V -
Philadelphia Eagles, NFL
Van Brocklin, Van Buren
38.2%
Z-
Minnesota Vikings, NFL
Zimmerman
37.4%
B -
Montreal Canadiens, NHL
Barry, Blake, Bouchard, Beliveau
30.7%
P -
New York Rangers, NHL
Plante, Patrick, Patrick, Park, Pratt
27.3%
N -
Calgary Flames, NHL
Nieuwendyk
19.1%
Quiz Playlist
Details
Report
Send in Message
Add To Playlist
Classic:
Type in answers that appear in a list
Last Updated: Feb 16, 2017
Quiz Scoreboard
CHALLENGE
Sign Up to Join the Scoreboard
Show All
Scores
Hide
Comments
May contain spoilers
Recently Published
Movies - When Are They Set?
by FPL_Elf
Movies
5m
Popular People in 1961
by mucciniale
History
6m
1-10 Letter E Words III
by El_Dandy
Language
2m
More to Explore
Quiz From the Vault
Featured Blog Post
Where Did the Easter Bunny Come From?
hide this ad
You Might Also Like...
Tags
Baseball Quiz
Basketball Quiz
Football Quiz
Hockey Quiz
MLB Quiz
NBA Quiz
NFL Quiz
NHL Quiz
Hall of Fame
Today's Top Quizzes in Sports
Browse Sports
hide this ad
Today's Top Quizzes in Football
Browse Football
Top Contributed Quizzes in Sports
1
Les meilleurs buteurs des matchs entre le PSG et l’OM
2
2022 World Cup Stars
3
FIFA Club World Cup Champions
4
Les entraîneurs de l'OM et du PSG au 21e siècle
5
Name the Premier League winners with different clubs
6
La finale Lions - Afrique du Sud 2021
7
Criteria MLB: Left Handed Sluggers
8
Les joueurs passés par le LOSC et le RC Lens
9
Players with Multiple 50 Home Run Seasons
10
MLB Players with Two .350 Batting Average Seasons
Explore More
Trending Topics
Anime
Harry Potter
Marvel
Crossword
NBA
Disney
Kpop
The Office
Song
Pokémon
WWE
NFL
Soccer
Puzzle
Country
hide this ad
More By:
Hejman
Quiz
Plays
Rating
Category
Featured
Created
College Sports Logos
565,537
4.30
Sports
Jan 2, 2010
Bible or Quran?
556,630
4.35
Religion
Sep 13, 2011
Un-evolved Logos
492,318
4.29
Miscellaneous
Oct 25, 2010
Harry Potter Family Tree
491,398
3.83
Literature
May 16, 2011
History by Bobblehead
446,059
4.00
History
Apr 23, 2010
Go to Creator's Profile
Score Distribution
Quiz Creator Spotlight
Hejman
Follow
Send a Message
Quizzes Created
-
Created Quiz Play Count
-
More By This Creator
Popular Quizzes Today
1
Find the Countries of Europe - No Outlines Minefield
2
Find the US States - No Outlines Minefield
3
The Countries of the World
4
Popular People in 1961
5
US States
6
1-10 Letter E Words III
7
Find the US States
8
One Thing in Common: World Cities II
More Sports Quizzes
Frenchified formula 1 names
Curator's Pick
Trending Quizzes
Risky Map Clicking: Least Populous States A-Z
1-10 Letter F Words
1-10 Letter G Words
One Thing in Common: United Kingdom
Risky Map Clicking: Next State Alphabetically
Recently Updated
Leaping Animals
pecheneg
Reality TV Shows (A-Z)
bhenderson79
Rickey Henderson's Hall of Fame Teammates
pecheneg
Champions League XIs: Arsenal
pecheneg
Quick Pick: Celebrities in WWE's Hall of Fame
aduchscher
A-Z Keypad Blitz II
pecheneg
Multiple Oscar Actors
pecheneg
Mystery Phrase Blitz: Oscar 'Best Actors'
pecheneg
F. Scott Fitzgerald Novels
LTH
Pick 3 Villains
ddd62291
Trending Topics
Disney
Kpop
Crossword
Marvel
NBA
Anime
Harry Potter
Soccer
WWE
Puzzle
The Office
Country
Song
Pokémon
NFL
Your Account Isn't Verified!
In order to create a playlist on Sporcle, you need to verify the email address you used during registration. Go to your
Sporcle Settings
to finish the process.
Report this User
Report this user for behavior that violates our
Community Guidelines
.
Details:
Send Report
Go to the Sporcle.com Mobile Site →
Comments